00510nam a2200121Ia 4500008004100000100002100041245014200062245002900204260000900233300003500242440004300277650006800320171207s9999 xx 000 0 und d aGillert, Anna S. aDoes a Dynamic Test of Phonological Awareness Predict Early Reading Difficulties? A Longitudinal Study From Kindergarten Through Grade 1  cAnna S. Gellert, Carsten c2017 apages 227–237, May/June 2017 aJournal of Learning Disabilitiesv50:3 aDYNAMIC ASSESSMENT, PHONOLOGICAL AWARENESS, READING, PREDICTION